000 00437nam a2200181Ia 4500
001 2726
005 20260306144828.0
008 260306t2012||||xx |||||||||||||| ||spa||
041 _aESP
082 _a219.2
_bS719
100 _aSayés, José Antonio
_eAUT
245 0 _a¿Por qué creo?:
_blas preguntas de la fe
260 _c2012
300 _a84 páginas :
_c20 cm.
650 _aGEN
654 _aCHU
942 _cLIB
_dJUS
_fJUS
_2ddc
_n
999 _c2726
_d2726